Initiation aux espaces vectoriels
Saved in:
| Main Author: | |
|---|---|
| Format: | Book |
| Language: | French |
| Published: |
[Bruxelles] ; : Paris :
Presses Universitaires de Bruxelles ;, Gauthier-Villars,
c1965
|
| Series: | Collection Frederique ;
; 2 |
| Subjects: | |
| Tags: |
Add Tag
No Tags, Be the first to tag this record!
|
MARC
| LEADER | 00000cam a2200000 i 4500 | ||
|---|---|---|---|
| 001 | 1/101439 | ||
| 008 | 090218s1965 fre d | ||
| 035 | |l 10103263 | ||
| 040 | |a GR-MY-UA |b gre |e aacr | ||
| 041 | 0 | |a fre | |
| 082 | 0 | |a 512.52 |2 (22) | |
| 100 | 1 | |a Papy. | |
| 245 | 1 | 0 | |a Initiation aux espaces vectoriels / |c par Papy |
| 260 | |a [Bruxelles] ; : |a Paris : |b Presses Universitaires de Bruxelles ;, |b Gauthier-Villars, |c c1965 | ||
| 300 | |a 87 σ.; |b διαγρ.; |c 24 εκ. | ||
| 504 | |a Περιέχει ευρετήριο | ||
| 650 | 0 | 0 | |a Vector spaces. |
| 830 | 0 | |a Collection Frederique ; |v ; 2 | |
| 852 | |a INST |b SAMOS |c MAG |e 20090218 |h 512.52 PAP |p 005300029357 |q 005300029357 |t BK |y 0 | ||
| 901 | |a BIBL3-2009-1 | ||
| 909 | |a Σ |b 155631 | ||
| 970 | |a ΣΙΤΖΙΜΗ |b ΓΙΑΣΕΜΗ |z 2009/02/18 | ||